Miami Heat 40 Point Games - Statistics

General Stats
  • This quiz has been taken 398 times
    150 since last reset
  • The average score is 7 of 14
Answer Stats
Player Max Nb % Correct
Dwyane Wade 55 34
99%
LeBron James 61 10
97%
Chris Bosh 40 1
91%
Bam Adebayo 83 2
82%
Tyler Herro 41 4
80%
Alonzo Mourning 50 4
76%
Shaquille O'Neal 40 1
69%
Tim Hardaway 45 1
58%
Glen Rice 56 5
44%
Rony Seikaly 40 1
21%
Andrew Wiggins 42 1
16%
Jaime Jaquez Jr. 41 1
9%
Sherman Douglas 42 1
4%
Victor Oladipo 40 1
4%
No matching quizzes found
Score Distribution
Percent of People with Each Score
Percentile by Number Answered
Your Score History
You have not taken this quiz since the last reset